Nepúšťajme ryby k vode
Na Slovensku stále konzumujeme málo rýb. Situácia vo svete je však iná. Spotreba je v súčasnosti rekordná a práve ryby patria medzi najobchodovanejšie komodity.
Guardado en:
| Autor principal: | |
|---|---|
| Formato: | Capítulo de libro |
| Lenguaje: | eslovaco |
| Materias: | |
| Etiquetas: |
Sin Etiquetas, Sea el primero en etiquetar este registro!
|
MARC
| LEADER | 00000naa a2200000 4500 | ||
|---|---|---|---|
| 001 | 0204812 | ||
| 005 | 20231208070708.2 | ||
| 041 | 0 | |a slo | |
| 044 | |a SK | ||
| 245 | 1 | 0 | |a Nepúšťajme ryby k vode |c Henrieta Bakošová |
| 520 | |a Na Slovensku stále konzumujeme málo rýb. Situácia vo svete je však iná. Spotreba je v súčasnosti rekordná a práve ryby patria medzi najobchodovanejšie komodity. | ||
| 610 | 2 | 0 | |a rybárstvo |
| 610 | 2 | 0 | |a komodity |
| 610 | 2 | 0 | |a predaj |
| 610 | 2 | 0 | |a spotreba obyvateľstva |
| 100 | 1 | |a Bakošová, Henrieta | |